[Event "Final Absoluto Uruguayo 2009"]
[Site "Montevideo URU"]
[Date "2009.05.11"]
[Round "5.4"]
[White "Guerrero, Alvaro"]
[Black "Carvalho, Guillermo"]
[Result "0-1"]
[WhiteElo "2197"]
[BlackElo "2239"]
[PlyCount "78"]
[EventDate "2009.05.08"]
[EventType "tourn"]
[EventRounds "11"]
[EventCountry "URU"]
[Source "lmi"]
[SourceDate "2009.05.08"]

1. d4 d5 2. c4 e5 3. dxe5 d4 4. Nf3 Nc6 5. g3 Nge7 6. Bg2 Ng6 7. O-O Be7 8. b3
O-O 9. Bb2 Bc5 10. Nbd2 Bf5 11. a3 a5 12. h4 Re8 13. Ng5 Ngxe5 14. Nge4 Bf8 15.
Ra2 Qd7 16. f3 h5 17. Kh1 Rad8 18. Bc1 Qe6 19. Qe1 Qg6 20. Qf2 f6 21. Rg1 d3
22. e3 Bxe4 23. Nxe4 d2 24. Rxd2 Nd3 25. Rxd3 Rxd3 26. Qc2 Rxe4 27. fxe4 Qxg3
28. Rf1 Bd6 29. e5 Bxe5 30. Bd5+ Kf8 31. a4 Qxh4+ 32. Kg1 Qg3+ 33. Kh1 Nb4 34.
Qe2 Qh3+ 35. Kg1 Nxd5 36. cxd5 Qg3+ 37. Kh1 Qh3+ 38. Kg1 Qg4+ 39. Qxg4 hxg4 0-1

[Event "Final Absoluto Uruguayo 2009"]
[Site "Montevideo URU"]
[Date "2009.05.11"]
[Round "5.5"]
[White "Coppola, Claudio"]
[Black "Lopez Falcon, Jorge"]
[Result "1/2-1/2"]
[WhiteElo "2092"]
[BlackElo "2190"]
[PlyCount "116"]
[EventDate "2009.05.08"]
[EventType "tourn"]
[EventRounds "11"]
[EventCountry "URU"]
[Source "lmi"]
[SourceDate "2009.05.08"]

1. d4 Nf6 2. c4 g6 3. g3 d5 4. Bg2 Bg7 5. Nf3 O-O 6. O-O Nc6 7. cxd5 Nxd5 8.
Nc3 Nb6 9. e3 e5 10. d5 e4 11. Nd2 Nxd5 12. Ndxe4 Nxc3 13. Nxc3 Qxd1 14. Rxd1
Ne5 15. h3 c6 16. Rb1 Be6 17. b3 Rfd8 18. Ba3 Bf8 19. Bxf8 Kxf8 20. f4 Nd3 21.
b4 b5 22. Be4 Bc4 23. Bxc6 Rab8 24. Rd2 Rd6 25. Be4 f5 26. Bxd3 Rxd3 27. Rxd3
Bxd3 28. Rd1 Bc4 29. Rd7 a5 30. bxa5 Ra8 31. Rxh7 Rxa5 32. Rb7 Ra3 33. Nxb5
Rxa2 34. g4 Bd5 35. Rb8+ Kg7 36. gxf5 gxf5 37. Nd6 Kf6 38. Rb5 Ke6 39. Nxf5
Rg2+ 40. Kf1 Rh2 41. Nd4+ Kd6 42. Rb6+ Kc5 43. Rh6 Kc4 44. Rh5 Ba8 45. Rh8 Be4
46. Rd8 Rxh3 47. Kf2 Rh2+ 48. Kg3 Rg2+ 49. Kh3 Rf2 50. Rg8 Kd3 51. Rg3 Rf1 52.
Kg4 Re1 53. Ne6 Bd5 54. e4+ Kxe4 55. Ng5+ Kd4 56. Nf3+ Bxf3+ 57. Rxf3 Ke4 58.
Rf2 Rg1+ 1/2-1/2

[Event "Final Absoluto Uruguayo 2009"]
[Site "Montevideo URU"]
[Date "2009.05.11"]
[Round "5.6"]
[White "Saralegui, Mario"]
[Black "Bustelo, Tabare"]
[Result "1/2-1/2"]
[WhiteElo "2148"]
[BlackElo "2065"]
[PlyCount "80"]
[EventDate "2009.05.08"]
[EventType "tourn"]
[EventRounds "11"]
[EventCountry "URU"]
[Source "lmi"]
[SourceDate "2009.05.08"]

1. d4 d5 2. c4 Bf5 3. Nc3 e6 4. Nf3 Nf6 5. Bg5 Be7 6. e3 O-O 7. cxd5 Nxd5 8.
Bxe7 Qxe7 9. Be2 Nc6 10. Nxd5 exd5 11. O-O Qb4 12. Qd2 Rfe8 13. Qxb4 Nxb4 14.
a3 Nc6 15. Rfc1 f6 16. Rc5 Rad8 17. Bb5 Rd6 18. Rac1 Bd7 19. Nd2 a6 20. Bxc6
Bxc6 21. R5c3 g5 22. Nb3 f5 23. Na5 f4 24. Nxc6 bxc6 25. Rxc6 fxe3 26. fxe3
Rxe3 27. Rxd6 cxd6 28. Rc6 Rd3 29. b4 Rxa3 30. Rxd6 Rb3 31. Rxd5 h6 32. Rd6 Kg7
33. Rxa6 Rxb4 34. d5 Rd4 35. d6 Rd2 36. h3 h5 37. Kh2 h4 38. Ra7+ Kf6 39. d7
Ke6 40. Ra6+ Kf5 1/2-1/2

[Event "Final Absoluto Uruguayo 2009"]
[Site "Montevideo URU"]
[Date "2009.05.12"]
[Round "6.2"]
[White "Lopez Falcon, Jorge"]
[Black "Saralegui, Mario"]
[Result "1-0"]
[WhiteElo "2190"]
[BlackElo "2148"]
[PlyCount "33"]
[EventDate "2009.05.08"]
[EventType "tourn"]
[EventRounds "11"]
[EventCountry "URU"]
[Source "lmi"]
[SourceDate "2009.05.08"]

1. d4 d5 2. c4 dxc4 3. Nf3 Nf6 4. Nc3 c6 5. a4 Bf5 6. Ne5 Nbd7 7. Nxc4 Nb6 8.
Ne5 e6 9. f3 Bb4 10. e4 Bxe4 11. fxe4 Nxe4 12. Qd3 Qh4+ 13. g3 Nxg3 14. Qxg3
Qe4+ 15. Kd2 Qxh1 16. Bg2 Qg1 17. Bxc6+ 1-0

[Event "Final Absoluto Uruguayo 2009"]
[Site "Montevideo URU"]
[Date "2009.05.12"]
[Round "6.3"]
[White "Carvalho, Guillermo"]
[Black "Coppola, Claudio"]
[Result "1-0"]
[WhiteElo "2239"]
[BlackElo "2092"]
[PlyCount "101"]
[EventDate "2009.05.08"]
[EventType "tourn"]
[EventRounds "11"]
[EventCountry "URU"]
[Source "lmi"]
[SourceDate "2009.05.08"]

1. d4 Nf6 2. Nf3 c5 3. e3 b6 4. c4 Bb7 5. Nc3 e6 6. Bd3 Be7 7. O-O O-O 8. e4
cxd4 9. Nxd4 d6 10. Re1 Nc6 11. Nxc6 Bxc6 12. Bf4 Nd7 13. Qd2 a6 14. Rad1 Rb8
15. Qe2 Ne5 16. Bg3 Qc7 17. Rc1 Qb7 18. b4 b5 19. cxb5 axb5 20. f3 Nxd3 21.
Qxd3 Rbd8 22. Rc2 Qa7+ 23. Bf2 Qa3 24. Rb1 d5 25. Rb3 Qa6 26. e5 Qb7 27. Bd4 f6
28. exf6 gxf6 29. f4 Bd6 30. Ne2 Rc8 31. Qh3 Qf7 32. Rg3+ Kh8 33. Qh6 Bxb4 34.
Nc1 Be7 35. Nd3 Bd7 36. Rxc8 Bxc8 37. Nc5 Rg8 38. Ra3 Rg6 39. Qh4 Bxc5 40. Bxc5
Qc7 41. Qf2 Bb7 42. Rg3 Rxg3 43. hxg3 Bc6 44. Bd4 Kg7 45. Qe2 Bd7 46. Qg4+ Kf7
47. Qh5+ Kg7 48. Qg5+ Kf8 49. Qxf6+ Ke8 50. Qh8+ Ke7 51. Bf6+ 1-0

[Event "Final Absoluto Uruguayo 2009"]
[Site "Montevideo URU"]
[Date "2009.05.12"]
[Round "6.5"]
[White "Oddone, Cristhian"]
[Black "Izquierdo, Daniel"]
[Result "0-1"]
[WhiteElo "2231"]
[BlackElo "2288"]
[PlyCount "100"]
[EventDate "2009.05.08"]
[EventType "tourn"]
[EventRounds "11"]
[EventCountry "URU"]
[Source "lmi"]
[SourceDate "2009.05.08"]

1. d4 d5 2. e3 Bf5 3. Bd3 Bxd3 4. cxd3 Nf6 5. Qb3 Qc8 6. Nc3 e6 7. Nf3 Be7 8.
e4 c6 9. O-O O-O 10. Bf4 Na6 11. Rac1 b6 12. a3 Qb7 13. Rfe1 Rfd8 14. Qc2 Rac8
15. e5 Nd7 16. b4 Nc7 17. Rb1 Nb5 18. Rb3 Qa6 19. Rc1 Nxc3 20. Rxc3 Nb8 21. h4
Qb7 22. h5 h6 23. Be3 b5 24. Nd2 a5 25. bxa5 Qa7 26. Nb3 Bxa3 27. Rf1 Bb4 28.
Bd2 Bxc3 29. Bxc3 Na6 30. Qd2 b4 31. Bxb4 Qb7 32. Nc5 Qxb4 33. Qxb4 Nxb4 34.
Ra1 Ra8 35. a6 Ra7 36. Ra4 Nxa6 37. Rxa6 Rxa6 38. Nxa6 Ra8 39. Nc5 Rb8 40. Kf1
Rb4 41. Ke2 Rxd4 42. g3 Rb4 43. Ke3 Rb5 44. Kd4 Kf8 45. Na6 Ke7 46. Kc3 c5 47.
d4 c4 48. Nb4 Kd7 49. f4 g6 50. hxg6 fxg6 0-1

[Event "Final Absoluto Uruguayo 2009"]
[Site "Montevideo URU"]
[Date "2009.05.12"]
[Round "6.6"]
[White "Donatti, Alvaro"]
[Black "Roselli Mailhe, Bernardo"]
[Result "1/2-1/2"]
[WhiteElo "2179"]
[BlackElo "2379"]
[PlyCount "67"]
[EventDate "2009.05.08"]
[EventType "tourn"]
[EventRounds "11"]
[EventCountry "URU"]
[Source "lmi"]
[SourceDate "2009.05.08"]

1. e4 d5 2. d4 e6 3. Nc3 Bb4 4. e5 b6 5. a3 Bf8 6. Nf3 Qd7 7. Be3 Ne7 8. b4 c6
9. Bd3 Ba6 10. O-O Bxd3 11. Qxd3 Nf5 12. Ne2 Be7 13. c4 dxc4 14. Qxc4 O-O 15.
Rac1 a5 16. Bd2 axb4 17. axb4 Ra3 18. Ra1 Rxa1 19. Rxa1 h5 20. h3 h4 21. Bg5
Rc8 22. Ra8 Qd8 23. Bxe7 Nxe7 24. Nxh4 Nd7 25. Rxc8 Qxc8 26. Nf3 Qa8 27. Nf4
Qa3 28. Ng5 Nf8 29. g3 Qb2 30. h4 Qa1+ 31. Kg2 Qb2 32. Kg1 Qa1+ 33. Kg2 Qb2 34.
Kg1 1/2-1/2

[Event "Final Absoluto Uruguayo 2009"]
[Site "Montevideo URU"]
[Date "2009.05.13"]
[Round "7.1"]
[White "Roselli Mailhe, Bernardo"]
[Black "Larrea, Manuel"]
[Result "1-0"]
[WhiteElo "2379"]
[BlackElo "2276"]
[PlyCount "61"]
[EventDate "2009.05.08"]
[EventType "tourn"]
[EventRounds "11"]
[EventCountry "URU"]
[Source "lmi"]
[SourceDate "2009.05.08"]

1. d4 Nf6 2. c4 g6 3. Nc3 Bg7 4. g3 O-O 5. Bg2 d6 6. e3 c5 7. Nge2 Nc6 8. O-O
Bf5 9. h3 h5 10. d5 Na5 11. e4 Bd7 12. Qd3 a6 13. Rb1 b5 14. b3 Rb8 15. Bd2 Qc7
16. Rfc1 Rb7 17. Nd1 Nh7 18. Ne3 Rfb8 19. Kh2 bxc4 20. bxc4 Rxb1 21. Rxb1 Rxb1
22. Qxb1 Qb7 23. Qe1 Qb2 24. Bxa5 Qxa2 25. Bc3 Bxc3 26. Nxc3 Qb2 27. Ned1 Qb4
28. e5 Qxc4 29. exd6 exd6 30. Qe7 Nf8 31. Ne4 1-0

[Event "Final Absoluto Uruguayo 2009"]
[Site "Montevideo URU"]
[Date "2009.05.13"]
[Round "7.2"]
[White "Izquierdo, Daniel"]
[Black "Donatti, Alvaro"]
[Result "1-0"]
[WhiteElo "2288"]
[BlackElo "2179"]
[PlyCount "99"]
[EventDate "2009.05.08"]
[EventType "tourn"]
[EventRounds "11"]
[EventCountry "URU"]
[Source "lmi"]
[SourceDate "2009.05.08"]

1. d4 d5 2. c4 c6 3. Nf3 Nf6 4. Qc2 e6 5. g3 Be7 6. Bg2 O-O 7. O-O Nbd7 8. Nbd2
b5 9. b3 a5 10. e4 bxc4 11. e5 cxb3 12. axb3 Ne8 13. Qxc6 Ba6 14. Re1 Nb6 15.
Qc2 Rc8 16. Qa2 Bd3 17. Ba3 a4 18. Bxe7 Qxe7 19. bxa4 Qb4 20. a5 Nc4 21. Nb3
Nc7 22. Nc5 Bg6 23. Nh4 Ra8 24. a6 Nd2 25. Qa4 Qxa4 26. Rxa4 Rfb8 27. Nxg6 hxg6
28. Rd1 Nc4 29. Rc1 Ra7 30. Bf1 Nb2 31. Rb1 Rb6 32. Ra2 Nc4 33. Rxb6 Nxb6 34.
Rb2 Nc8 35. Rb8 Ra8 36. Rb7 Ra7 37. Nd7 Kh7 38. Nb8 Ra8 39. h4 Kg8 40. Bd3 Kh8
41. Rxc7 Rxb8 42. Rxf7 Kg8 43. Bxg6 Ra8 44. Rd7 Kf8 45. Rf7+ Kg8 46. Rc7 Kf8
47. Kg2 Ne7 48. Bd3 Ke8 49. Bb5+ Kf8 50. a7 1-0

[Event "Final Absoluto Uruguayo 2009"]
[Site "Montevideo URU"]
[Date "2009.05.13"]
[Round "7.3"]
[White "Guerrero, Alvaro"]
[Black "Oddone, Cristhian"]
[Result "1/2-1/2"]
[WhiteElo "2197"]
[BlackElo "2231"]
[PlyCount "141"]
[EventDate "2009.05.08"]
[EventType "tourn"]
[EventRounds "11"]
[EventCountry "URU"]
[Source "lmi"]
[SourceDate "2009.05.08"]

1. d4 c5 2. d5 e5 3. c4 d6 4. Nc3 a6 5. e4 Be7 6. Bd3 Bg5 7. Nge2 Nh6 8. O-O
O-O 9. f3 Nd7 10. g4 Kh8 11. Ng3 g6 12. Qc2 Bxc1 13. Qxc1 Qh4 14. Qd2 f6 15. a4
Nf7 16. Nd1 Ng5 17. Ne3 Nh3+ 18. Kh1 Qg5 19. Rfd1 Rf7 20. Bf1 Nf4 21. Qe1 Nf8
22. Rd2 Bd7 23. b3 h5 24. h4 Qxh4+ 25. Rh2 Qg5 26. Raa2 h4 27. Rxh4+ Qxh4+ 28.
Rh2 Qxh2+ 29. Kxh2 Nh7 30. Qa5 Ng5 31. Bg2 Be8 32. Qb6 Rd7 33. b4 Rc8 34. b5
axb5 35. cxb5 c4 36. Kg1 c3 37. Nc2 Nd3 38. Ne2 Nb2 39. f4 exf4 40. Nxf4 Nc4
41. Qd4 Ne5 42. Qf2 Kg8 43. Qb6 Nc4 44. Qd4 Ne5 45. Qb6 Rc5 46. Ne6 Nc4 47. Qa7
b6 48. Qb8 Nxe6 49. dxe6 Re7 50. Qd8 Kf8 51. Bf1 Rxe6 52. Bd3 Re7 53. Bxc4 Rxc4
54. Qxd6 Rcxe4 55. Qxf6+ Rf7 56. Qh8+ Ke7 57. Qh4+ Kd7 58. Qg3 Rff4 59. Qd3+
Ke7 60. Ne3 Bf7 61. Qxc3 Rxa4 62. Qc7+ Kf8 63. Qxb6 Rab4 64. Qb8+ Be8 65. Qd6+
Kg7 66. Qe7+ Bf7 67. Qe5+ Kg8 68. Qb8+ Kg7 69. Qe5+ Kg8 70. Qb8+ Kg7 71. Qe5+
1/2-1/2

[Event "Final Absoluto Uruguayo 2009"]
[Site "Montevideo URU"]
[Date "2009.05.13"]
[Round "7.5"]
[White "Saralegui, Mario"]
[Black "Carvalho, Guillermo"]
[Result "1/2-1/2"]
[WhiteElo "2148"]
[BlackElo "2239"]
[PlyCount "98"]
[EventDate "2009.05.08"]
[EventType "tourn"]
[EventRounds "11"]
[EventCountry "URU"]
[Source "lmi"]
[SourceDate "2009.05.08"]

1. d4 d5 2. c4 e5 3. dxe5 d4 4. Nf3 Nc6 5. g3 Nge7 6. Bg2 Ng6 7. Bg5 Qd7 8. O-O
h6 9. Bc1 Ngxe5 10. Nbd2 Be7 11. b3 O-O 12. Bb2 Rd8 13. Nxe5 Nxe5 14. Nf3 Nxf3+
15. Bxf3 Qf5 16. Qd3 c6 17. Rad1 Bf6 18. Qxf5 Bxf5 19. Rd2 Rd7 20. Rfd1 Rad8
21. Bg2 Bg4 22. f3 Bf5 23. f4 g5 24. e4 Bg4 25. Rf1 b5 26. cxb5 Be7 27. bxc6
Bb4 28. cxd7 Bxd2 29. Bxd4 Rxd7 30. Be5 Be2 31. Rb1 Be3+ 32. Kh1 Rd2 33. h3 Rc2
34. fxg5 hxg5 35. Bf6 g4 36. hxg4 Bxg4 37. e5 Rxa2 38. b4 Rd2 39. b5 Bf5 40.
Ra1 Bf2 41. Bc6 Kh7 42. Bg5 Rb2 43. Bf4 Rc2 44. Rf1 Bd3 45. Rd1 Bg6 46. Rd2
Rxd2 47. Bxd2 Bxg3 48. Be3 Bxe5 49. Bxa7 Bd3 1/2-1/2

[Event "Final Absoluto Uruguayo 2009"]
[Site "Montevideo URU"]
[Date "2009.05.13"]
[Round "7.6"]
[White "Bustelo, Tabare"]
[Black "Lopez Falcon, Jorge"]
[Result "1/2-1/2"]
[WhiteElo "2065"]
[BlackElo "2190"]
[PlyCount "54"]
[EventDate "2009.05.08"]
[EventType "tourn"]
[EventRounds "11"]
[EventCountry "URU"]
[Source "lmi"]
[SourceDate "2009.05.08"]

1. d4 Nf6 2. Nc3 g6 3. e4 d6 4. Bg5 Bg7 5. Qd2 c6 6. h3 Qa5 7. Nf3 b5 8. e5 b4
9. exf6 bxc3 10. fxg7 cxd2+ 11. Bxd2 Qxd2+ 12. Kxd2 Rg8 13. Bc4 e6 14. Rhe1 Ba6
15. Bxa6 Nxa6 16. Re3 Rxg7 17. Rae1 Kd7 18. Ng5 Nc7 19. Rb3 h6 20. Ne4 f5 21.
Nc3 Rgg8 22. Ne2 Rab8 23. c4 Rb6 24. Kc2 Rgb8 25. h4 Ke7 26. Nf4 Kf6 27. Nd3
Re8 1/2-1/2

[Event "Final Absoluto Uruguayo 2009"]
[Site "Montevideo URU"]
[Date "2009.05.14"]
[Round "8.1"]
[White "Larrea, Manuel"]
[Black "Lopez Falcon, Jorge"]
[Result "1-0"]
[WhiteElo "2276"]
[BlackElo "2190"]
[PlyCount "119"]
[EventDate "2009.05.08"]
[EventType "tourn"]
[EventRounds "11"]
[EventCountry "URU"]
[Source "lmi"]
[SourceDate "2009.05.08"]

1. c4 Nf6 2. Nc3 g6 3. e4 d6 4. d4 Bg7 5. f4 O-O 6. Nf3 c5 7. dxc5 Qa5 8. Bd3
Qxc5 9. Qe2 Nc6 10. Be3 Qh5 11. h3 Ng4 12. Bd2 Nd4 13. Nxd4 Bxd4 14. Rf1 Qh4+
15. Kd1 Nf2+ 16. Kc2 Nxd3 17. Qxd3 Bg7 18. f5 gxf5 19. exf5 Qf6 20. Rab1 Qd4
21. Nd5 Qxd3+ 22. Kxd3 Re8 23. Nc7 Bd7 24. Nxa8 Rxa8 25. Bc3 Rc8 26. f6 exf6
27. Bxf6 d5 28. b3 dxc4+ 29. bxc4 Be6 30. Rbc1 b5 31. c5 Bxa2 32. Bxg7 Kxg7 33.
Rf4 a5 34. c6 Kf8 35. Kd4 Be6 36. Kc5 b4 37. Kb6 b3 38. Kb7 Ke7 39. Ra4 b2 40.
Rb1 Rxc6 41. Kxc6 Bd7+ 42. Kb6 Bxa4 43. Kxa5 Bc2 44. Rxb2 Bg6 45. Kb4 Kf6 46.
Kc3 Ke5 47. Rb4 Kf6 48. Kd4 Bf5 49. Rb6+ Be6 50. Ke4 h6 51. Kf4 Kg7 52. Ke5 Ba2
53. Ra6 Bb3 54. Ra3 Bc2 55. Rc3 Bb1 56. Rg3+ Bg6 57. Rg4 h5 58. Rg3 Kh6 59. Kf6
Kh7 60. Re3 1-0

[Event "Final Absoluto Uruguayo 2009"]
[Site "Montevideo URU"]
[Date "2009.05.14"]
[Round "8.2"]
[White "Carvalho, Guillermo"]
[Black "Bustelo, Tabare"]
[Result "1-0"]
[WhiteElo "2239"]
[BlackElo "2065"]
[PlyCount "77"]
[EventDate "2009.05.08"]
[EventType "tourn"]
[EventRounds "11"]
[EventCountry "URU"]
[Source "lmi"]
[SourceDate "2009.05.08"]

1. d4 d5 2. c4 Bf5 3. cxd5 Bxb1 4. Qa4+ c6 5. dxc6 Nxc6 6. Rxb1 e5 7. Bd2 exd4
8. Nf3 Nf6 9. e3 dxe3 10. fxe3 Bc5 11. Bb5 O-O 12. O-O Qb6 13. Kh1 Bxe3 14.
Bxe3 Qxe3 15. Rbe1 Qb6 16. Ng5 Nd4 17. Bc4 Qc5 18. Bxf7+ Rxf7 19. Nxf7 Kxf7 20.
Qd7+ Kg8 21. Qxb7 Rf8 22. Qe7 Qb6 23. Rc1 Ne6 24. Qa3 Rb8 25. Rce1 Kf7 26. b4
Rb7 27. Qb3 Re7 28. a3 h6 29. h3 Qc6 30. b5 Qb6 31. a4 Kf8 32. a5 Qd6 33. Qc4
Ke8 34. Rd1 Qb8 35. Rfe1 Kf7 36. Rd3 Ne8 37. Qb3 Nf6 38. b6 axb6 39. axb6 1-0

[Event "Final Absoluto Uruguayo 2009"]
[Site "Montevideo URU"]
[Date "2009.05.14"]
[Round "8.4"]
[White "Oddone, Cristhian"]
[Black "Coppola, Claudio"]
[Result "1-0"]
[WhiteElo "2231"]
[BlackElo "2092"]
[PlyCount "65"]
[EventDate "2009.05.08"]
[EventType "tourn"]
[EventRounds "11"]
[EventCountry "URU"]
[Source "lmi"]
[SourceDate "2009.05.08"]

1. Nf3 d6 2. e4 Nf6 3. d3 g6 4. g3 Bg7 5. Bg2 e5 6. O-O O-O 7. Nc3 Nbd7 8. h3
c6 9. d4 Re8 10. Re1 exd4 11. Nxd4 Nc5 12. Nb3 Ne6 13. Be3 Qc7 14. a4 a5 15.
Qd2 Nd7 16. Rad1 Ne5 17. Qe2 b6 18. f4 Ba6 19. Qf2 Nc4 20. Bc1 Rad8 21. Bf1 Rd7
22. f5 Nc5 23. f6 Bf8 24. Nxc5 dxc5 25. Bf4 Qc8 26. b3 Rxd1 27. Rxd1 Ne5 28.
Bxa6 Qxa6 29. Bxe5 Rxe5 30. Rd8 Qb7 31. Qf4 Qc7 32. Re8 Qd7 33. Qxe5 1-0

[Event "Final Absoluto Uruguayo 2009"]
[Site "Montevideo URU"]
[Date "2009.05.14"]
[Round "8.5"]
[White "Donatti, Alvaro"]
[Black "Guerrero, Alvaro"]
[Result "1-0"]
[WhiteElo "2179"]
[BlackElo "2197"]
[PlyCount "77"]
[EventDate "2009.05.08"]
[EventType "tourn"]
[EventRounds "11"]
[EventCountry "URU"]
[Source "lmi"]
[SourceDate "2009.05.08"]

1. e4 c5 2. Nf3 Nc6 3. d4 cxd4 4. Nxd4 Nf6 5. Nc3 d6 6. Bg5 e6 7. Qd2 Be7 8.
O-O-O Bd7 9. Ndb5 O-O 10. Nxd6 Qa5 11. Nc4 Qc5 12. Bxf6 Bxf6 13. Qxd7 Bxc3 14.
bxc3 Rad8 15. Qc7 b5 16. Rxd8 Rxd8 17. Nb2 b4 18. cxb4 Qxb4 19. Bd3 Rb8 20.
Qxc6 Qxb2+ 21. Kd2 Qd4 22. Rf1 g5 23. Qc7 Rd8 24. Qg3 h6 25. h4 Qxe4 26. hxg5
h5 27. Qf3 Qb4+ 28. Ke2 Rd5 29. Qe4 Qb2 30. Qh7+ Kf8 31. g6 Qe5+ 32. Kd1 fxg6
33. Qxg6 Qa1+ 34. Kd2 Qxf1 35. Qf6+ Kg8 36. Qxe6+ Kf8 37. Qf6+ Kg8 38. Qe6+ Kf8
39. Qxd5 1-0

[Event "Final Absoluto Uruguayo 2009"]
[Site "Montevideo URU"]
[Date "2009.05.14"]
[Round "8.6"]
[White "Roselli Mailhe, Bernardo"]
[Black "Izquierdo, Daniel"]
[Result "1-0"]
[WhiteElo "2379"]
[BlackElo "2288"]
[PlyCount "81"]
[EventDate "2009.05.08"]
[EventType "tourn"]
[EventRounds "11"]
[EventCountry "URU"]
[Source "lmi"]
[SourceDate "2009.05.08"]

1. d4 d5 2. c4 c6 3. Nf3 Nf6 4. Qc2 dxc4 5. Qxc4 Bf5 6. g3 e6 7. Bg2 Nbd7 8.
O-O Be7 9. Nc3 O-O 10. Re1 Ne4 11. Qb3 Qb6 12. Bf4 Qxb3 13. axb3 Bb4 14. Rec1
Nxc3 15. bxc3 Be7 16. Nd2 g5 17. Bc7 Rac8 18. Ba5 g4 19. c4 b6 20. Bc3 Rc7 21.
e3 Bf6 22. e4 Bg6 23. h3 c5 24. d5 Bxc3 25. Rxc3 gxh3 26. Bxh3 e5 27. f4 f6 28.
Be6+ Bf7 29. f5 a5 30. Nb1 Kg7 31. Na3 Bh5 32. Kf2 Bg4 33. Rcc1 Nb8 34. Nc2 Na6
35. Rh1 h5 36. Ne3 Nb4 37. Nxg4 hxg4 38. Rh4 Rh8 39. d6 Ra7 40. Rxg4+ Kf8 41.
Rh1 1-0

[Event "Final Absoluto Uruguayo 2009"]
[Site "Montevideo URU"]
[Date "2009.05.15"]
[Round "9.1"]
[White "Izquierdo, Daniel"]
[Black "Larrea, Manuel"]
[Result "0-1"]
[WhiteElo "2288"]
[BlackElo "2276"]
[PlyCount "102"]
[EventDate "2009.05.08"]
[EventType "tourn"]
[EventRounds "11"]
[EventCountry "URU"]
[Source "lmi"]
[SourceDate "2009.05.08"]

1. d4 Nf6 2. Nf3 g6 3. c4 Bg7 4. Nc3 O-O 5. e4 d6 6. Be2 Bg4 7. Be3 Nfd7 8. h4
c5 9. d5 a6 10. h5 Bxh5 11. Ng5 Bxe2 12. Qxe2 Nf6 13. g4 Nbd7 14. f4 h6 15. Ne6
fxe6 16. dxe6 Re8 17. exd7 Qxd7 18. f5 g5 19. O-O-O Qc6 20. e5 dxe5 21. Nd5
Nxd5 22. Rxd5 Rad8 23. Rhd1 Rxd5 24. Rxd5 b6 25. Qd3 Qf6 26. Rd8 Rxd8 27. Qxd8+
Kh7 28. Bd2 e6 29. Qd3 exf5 30. gxf5 e4 31. Qxe4 Qxb2+ 32. Kd1 Qa1+ 33. Ke2 Qe5
34. Kf3 Qxe4+ 35. Kxe4 Bf6 36. Kd5 h5 37. a4 a5 38. Ke4 Kg7 39. Be1 Kf7 40. Bg3
Ke8 41. Bc7 Bd8 42. Be5 Kd7 43. Bh8 h4 44. Kf3 h3 45. Bc3 g4+ 46. Kf2 Bh4+ 47.
Kg1 Kd6 48. Kh2 Bf2 49. Bf6 Bd4 50. Bd8 Be5+ 51. Kg1 g3 0-1

[Event "Final Absoluto Uruguayo 2009"]
[Site "Montevideo URU"]
[Date "2009.05.15"]
[Round "9.2"]
[White "Guerrero, Alvaro"]
[Black "Roselli Mailhe, Bernardo"]
[Result "0-1"]
[WhiteElo "2197"]
[BlackElo "2379"]
[PlyCount "62"]
[EventDate "2009.05.08"]
[EventType "tourn"]
[EventRounds "11"]
[EventCountry "URU"]
[Source "lmi"]
[SourceDate "2009.05.08"]

1. d4 d5 2. c4 e6 3. Nc3 Be7 4. Nf3 Nf6 5. Bg5 O-O 6. e3 h6 7. Bh4 b6 8. cxd5
Nxd5 9. Bxe7 Qxe7 10. Nxd5 exd5 11. Bd3 c5 12. O-O Nd7 13. Re1 Nf6 14. Qc2 c4
15. Bf5 Bxf5 16. Qxf5 Rac8 17. Rac1 b5 18. Ne5 Rfd8 19. f3 Qe6 20. Qc2 a5 21.
b3 Nd7 22. Nxd7 Qxd7 23. Qf2 c3 24. Qc2 b4 25. Qd3 a4 26. bxa4 Qxa4 27. Re2 Ra8
28. Rb1 Rdc8 29. Rc2 Rc4 30. Re1 g6 31. h4 h5 0-1

[Event "Final Absoluto Uruguayo 2009"]
[Site "Montevideo URU"]
[Date "2009.05.15"]
[Round "9.3"]
[White "Coppola, Claudio"]
[Black "Donatti, Alvaro"]
[Result "0-1"]
[WhiteElo "2092"]
[BlackElo "2179"]
[PlyCount "88"]
[EventDate "2009.05.08"]
[EventType "tourn"]
[EventRounds "11"]
[EventCountry "URU"]
[Source "lmi"]
[SourceDate "2009.05.08"]

1. d4 Nf6 2. c4 e6 3. g3 c5 4. Nf3 cxd4 5. Nxd4 d5 6. Bg2 e5 7. Nf3 d4 8. O-O
Nc6 9. Nbd2 Bg4 10. Nb3 h6 11. h3 Bh5 12. g4 Bg6 13. Ne1 h5 14. g5 Ne4 15. e3
Bd6 16. exd4 exd4 17. Nf3 O-O 18. Nfxd4 Nxd4 19. Qxd4 Nc5 20. Be3 Ne6 21. Qd2
Qc7 22. Nd4 Nxd4 23. Qxd4 Rfd8 24. Qc3 Be5 25. Qb4 Rab8 26. Bxa7 Rbc8 27. Bb6
Qd6 28. c5 Qd2 29. Qxd2 Rxd2 30. Bxb7 Rb8 31. Ba6 Rxb2 32. Rae1 f6 33. gxf6
gxf6 34. Re2 Rb4 35. Rc1 Bf5 36. Bc4+ Kh7 37. Kg2 Rb7 38. Ree1 Rg7+ 39. Kf3
Bxh3 40. a3 Ra4 41. Bd3+ Kh8 42. Rc2 Bg4+ 43. Kg2 Be2+ 44. Kh3 Bxd3 0-1

[Event "Final Absoluto Uruguayo 2009"]
[Site "Montevideo URU"]
[Date "2009.05.15"]
[Round "9.6"]
[White "Lopez Falcon, Jorge"]
[Black "Carvalho, Guillermo"]
[Result "1/2-1/2"]
[WhiteElo "2190"]
[BlackElo "2239"]
[PlyCount "47"]
[EventDate "2009.05.08"]
[EventType "tourn"]
[EventRounds "11"]
[EventCountry "URU"]
[Source "lmi"]
[SourceDate "2009.05.08"]

1. d4 d5 2. c4 e5 3. dxe5 d4 4. Nf3 Nc6 5. g3 Nge7 6. Bg2 Ng6 7. O-O Be7 8. e3
dxe3 9. Qxd8+ Bxd8 10. Bxe3 O-O 11. Nc3 Re8 12. Rfe1 Nb4 13. Rad1 Nc2 14. Re2
Nxe3 15. Rxe3 Be6 16. b3 c6 17. Ne4 Bg4 18. Nd6 Re7 19. h3 Bxf3 20. Bxf3 Bb6
21. Ree1 Ba5 22. Re3 Bb6 23. Ree1 Ba5 24. Re3 1/2-1/2

[Event "Final Absoluto Uruguayo 2009"]
[Site "Montevideo URU"]
[Date "2009.05.16"]
[Round "10.1"]
[White "Larrea, Manuel"]
[Black "Carvalho, Guillermo"]
[Result "1/2-1/2"]
[WhiteElo "2428"]
[BlackElo "2356"]
[PlyCount "69"]
[EventDate "2009.05.08"]
[EventType "tourn"]
[EventRounds "11"]
[EventCountry "URU"]
[Source "lmi"]
[SourceDate "2009.05.08"]

1. e4 e5 2. Nf3 Nc6 3. Bc4 Nf6 4. d3 Bc5 5. O-O d6 6. c3 O-O 7. b4 Bb6 8. a4 a5
9. b5 Ne7 10. Ra2 Ng6 11. Re1 Qe7 12. h3 Be6 13. Na3 Rfe8 14. Rae2 Bc5 15. Qb3
Nh5 16. d4 Bxa3 17. Bxa3 Nhf4 18. Re3 Qf6 19. Bxe6 fxe6 20. dxe5 Nxe5 21. Nxe5
Qxe5 22. c4 Re7 23. b6 c5 24. Bb2 Qh5 25. Qd1 Qf7 26. Qxd6 Rd7 27. Qxc5 Nd3 28.
Rxd3 Rxd3 29. Be5 Qd7 30. Qc7 Rc8 31. Qxd7 Rxd7 32. Bc7 Rd4 33. c5 Rc4 34. Bd6
Rxa4 35. Rc1 1/2-1/2